Statistics for Modern-Day Axis-Occupied Countries of WWII on a Map

Click here to take the quiz!

General Stats

  • This quiz has been taken 56,124 times
    (37,938 since last reset)
  • The average score is 67 of 75

Answers on the Map

Answers color-coded by a green-red scale on the quiz's map according to % correct below.
 

Answer Stats

Countries% Correct
France
99%
China
98%
Finland
98%
Germany
98%
Italy
98%
Japan
98%
Norway
98%
Russia
98%
United Kingdom
(Channel Islands)
98%
Belgium
97%
North Korea
97%
Poland
97%
South Korea
97%
Ukraine
97%
Austria
96%
Denmark
96%
Greece
96%
Netherlands
96%
Belarus
95%
Egypt
95%
Estonia
95%
Indonesia
95%
Latvia
95%
Lithuania
95%
Romania
95%
Vietnam
95%
Croatia
94%
Czech Republic
94%
Hungary
94%
Iraq
94%
Libya
94%
Philippines
94%
Slovakia
94%
Thailand
94%
Albania
93%
Bulgaria
93%
Laos
93%
Mongolia
93%
Serbia
93%
Slovenia
93%
Somalia
93%
Bosnia and Herzegovina
92%
Cambodia
92%
Ethiopia
92%
Malaysia
92%
Myanmar
92%
Papua New Guinea
92%
Taiwan
92%
Tunisia
92%
Moldova
91%
North Macedonia
91%
India
90%
Kosovo
90%
Monaco
90%
Montenegro
90%
San Marino
90%
Singapore
89%
Chad
88%
Luxembourg
88%
Eritrea
86%
Kenya
83%
East Timor
80%
F. S. Micronesia
78%
Solomon Islands
78%
Brunei
74%
Marshall Islands
74%
Sudan
74%
Palau
73%
Kiribati
70%
Nauru
70%
United States
(Several Overseas Possessions)
70%
Australia
(Christmas Island)
66%
Saudi Arabia
63%
Yemen
(Hanish Islands)
57%
Niger
50%

Score Distribution

Percentile by Number Answered

Percent of People with Each Score

Your Score History

You have not taken this quiz since the last reset